| 000 | 01301nam a2200289 a 4500 | ||
|---|---|---|---|
| 001 | BRCA_1674 | ||
| 005 | 20190320203513.0 | ||
| 008 | 280508s2004----mx-a---###---#000-0#spa-# | ||
| 020 | _a968582701X | ||
| 041 | _aspa | ||
| 044 | _amx | ||
| 050 | 4 |
_aN6757.5 _b.E87 2004 |
|
| 245 | 1 | 0 |
_aEl espejo simbolista _bEuropa y México, 1870-1920 _ccoordinación José Carlos Canseco Gómez ; cuidado de la edición Vicente Rojo Cama, Juan Antonio Perujo, Jaime Soler Frost. |
| 260 |
_aMéxico _bMuseo Nacional de Arte : CONACULTA-INBA : UNAM, Instituto de Investigaciones Estéticas _c2004 |
||
| 300 |
_a307 p. _bil. (algunas a color) _c31 cm. |
||
| 500 | _aCatálogo de la exposición realizada en el Museo Nacional de Arte (Ciudad de México), diciembre 2004 - abril 2005 | ||
| 504 | _aBibliografía : p. 304-307 | ||
| 650 | 1 | 4 |
_aSimbolismo (Movimento artístico) _vExposiciones _zEuropa _95219 |
| 650 | 1 | 4 |
_aArte europeo _vExposiciones _ySiglo XIX-XX _95220 |
| 650 | 1 | 4 |
_aSimbolismo (Movimiento artístico) _vExposiciones _zMéxico _95221 |
| 650 | 1 | 4 |
_aArte mexicano _vExposiciones _ySiglo XIX _95222 |
| 650 | 1 | 4 |
_aArte mexicano _vExposiciones _95223 |
| 700 | 1 |
_aCanseco Goméz, José Carlos _95224 |
|
| 700 | 1 |
_aRojo Cama, Vicente _d1932- _95225 |
|
| 700 | 1 |
_aPerujo Cano, Juan Antonio _95226 |
|
| 942 |
_2lcc _cB |
||
| 999 |
_c1469 _d1469 |
||